000 00577nam a2200217Ia 4500
003 OSt
005 20220926042848.0
006 a|||||r|||| 00| 0
007 ta
008 220923b |||||||| |||| 00| 0 eng d
037 _cGeneral Book
040 _aRTL
_cRTL
_beng
041 _2eng
_aeng
082 _aXM85:8, K3
100 _aRiley John W Ed.
_9346845
245 0 _aCorporation and its publics
_b Essays on the corpora
260 _c1963
650 _aMultinational
942 _hXM85:8, K3
_cGB
_2CC
999 _c670730
_d670730